Mechanical estimating and costing / (Record no. 330157)
[ view plain ]
| 000 -LEADER | |
|---|---|
| fixed length control field | 00532cam a2200205ua 4500 |
| 020 ## - INTERNATIONAL STANDARD BOOK NUMBER | |
| Terms of availability | 18.00 |
| 041 ## - LANGUAGE CODE | |
| Language code of text/sound track or separate title | eng |
| Language code of original | |
| 082 ## - DEWEY DECIMAL CLASSIFICATION NUMBER | |
| Classification number | 621.1 |
| Item number | KAN/ME |
| 100 ## - MAIN ENTRY--PERSONAL NAME | |
| Personal name | Kannappan, D . |
| 245 ## - TITLE STATEMENT | |
| Title | Mechanical estimating and costing / |
| Statement of responsibility, etc. | D.Kannappan. |
| Medium | Textual Documents |
| 250 ## - EDITION STATEMENT | |
| Edition statement | 1 / |
| Remainder of edition statement | . |
| 260 ## - PUBLICATION, DISTRIBUTION, ETC. (IMPRINT) | |
| Place of publication, distribution, etc. | New Delhi : |
| Name of publisher, distributor, etc. | Tata Mc-Graw Hill Publishing Company , |
| Date of publication, distribution, etc. | 1985. |
| 300 ## - PHYSICAL DESCRIPTION | |
| Extent | 160 ; . |
| 365 ## - TRADE PRICE | |
| Price type code | 18.00 |
| 504 ## - BIBLIOGRAPHY, ETC. NOTE | |
| Bibliography, etc | |
| 700 1# - ADDED ENTRY--PERSONAL NAME | |
| Personal name | Augustine, A.G . |
| 700 1# - ADDED ENTRY--PERSONAL NAME | |
| Personal name | Paranthman, D . |
| 942 ## - ADDED ENTRY ELEMENTS (KOHA) | |
| Koha item type | Books (General) |
| Withdrawn status | Lost status | Damaged status | Not for loan | Home library | Current library | Date acquired | Source of acquisition | Cost, normal purchase price | Total Checkouts | Full call number | Barcode | Date last seen | Price effective from | Koha item type |
|---|---|---|---|---|---|---|---|---|---|---|---|---|---|---|
| Kelappaji College of Agricultural Engineering & Technology Library, Tavanur | Kelappaji College of Agricultural Engineering & Technology Library, Tavanur | 12/02/1986 | Standard Book House, Thrissur. | 18.00 | 621.1 KAN/ME | KAU_KCAEFT-14891 | 03/09/2025 | 07/04/2012 | Books (General) | |||||
| Written off | Kelappaji College of Agricultural Engineering & Technology Library, Tavanur | Kelappaji College of Agricultural Engineering & Technology Library, Tavanur | 10/01/2025 | Standard Book House, Thrissur. | 18.00 | 621.1 KAN/ME | KAU_KCAEFT-14890 | 10/01/2025 | 10/01/2025 | Books (General) |
